UK Official Singles Chart Top 100 28/7/23 to 03/08/23 - Statistics

General Stats
  • This quiz has been taken 10 times
  • The average score is 24 of 100
Answer Stats
Position Artist/s Week Before Peak Weeks Answer % Correct
5 Nicki Minaj & Ice Spice 20 5 5 Barbie World
75%
4 Dua Lipa 15 4 9 Dance The Night
75%
44 Harry Styles 41 1 69 As It Was
63%
25 Ryan Gosling NEW 25 1 I'm Just Ken
63%
2 Olivia Rodrigo 2 2 4 vampire
63%
3 Billie Eilish 10 3 2 What Was I Made For
63%
40 Aqua RE 1 28 Barbie Girl
50%
6 Taylor Swift 4 3 7 Cruel Summer
50%
33 Miley Cyrus 30 1 28 Flowers
50%
74 David Guetta & Bebe Rexha 66 1 48 I'm Good (Blue)
50%
16 Kylie Minogue 14 8 10 Padam Padam
50%
15 The Weeknd, Playboi Carti & Madonna 12 11 8 Popular
50%
70 Vance Joy 70 10 110 Riptide
50%
1 Dave & Central Cee 1 1 8 Sprinter
50%
97 Tom Odell 86 10 102 Another Love
38%
76 Ed Sheeran 73 1 98 Bad Habits
38%
66 PinkPantheress 59 2 32 Boy's A Liar
38%
98 PNAU, Elton John & Dua Lipa 38 1 70 Cold Heart
38%
35 David Kushner 36 2 15 Daylight
38%
65 The Weeknd 64 3 37 Die For You
38%
79 RAYE & 070 Shake 72 1 36 Escapism
38%
55 Ed Sheeran 54 1 18 Eyes Closed
38%
8 Gunna 7 7 6 fukumean
38%
85 Glass Animals 79 5 135 Heat Waves
38%
73 OneRepublic 67 3 60 I Ain't Worried
38%
63 SZA 58 3 33 Kill Bill
38%
30 Calvin Harris & Ellie Goulding 26 1 20 Miracle
38%
57 The Killers 57 10 372 Mr Brightside
38%
45 Sinead O'Connor RE 1 19 Nothing Compares 2 U
38%
39 Lizzo NEW 39 1 Pink
38%
13 Jung Kook & Latto 3 3 2 Seven
38%
19 Charli XCX RE 19 3 Speed Drive
38%
52 NewJeans 61 52 3 Super Shy
38%
75 Loreen 60 2 11 Tattoo
38%
21 Anne-Marie & Shania Twain 19 19 10 Unhealthy
38%
10 Nathan Dawe, Joel Corry & Ella Henderson 9 9 7 0800 Heaven
25%
41 Taylor Swift RE 1 37 Anti-Hero
25%
26 David Guetta, Anne-Marie & Coi Leray 21 13 16 Baby Don't Hurt Me
25%
42 Rema 39 3 48 Calm Down
25%
83 Post Malone 68 11 15 Chemical
25%
90 Ava Max NEW 90 1 Choose Your Fighter
25%
62 Fifty Fifty 56 8 18 Cupid
25%
17 Becky Hill & Chase + Status 25 17 2 Disconnect
25%
71 Leigh-Anne 65 11 6 Don't Say Love
25%
82 Fleetwood Mac 80 4 34 Everywhere
25%
51 Luke Combs 55 51 18 Fast Car
25%
91 Lewis Capaldi 82 1 45 Forget Me
25%
77 George Ezra 76 3 61 Green Green Grass
25%
28 Taylor Swift 16 6 3 I Can See You
25%
24 Travis Scott, Bad Bunny & The Weeknd NEW 24 1 K-Pop
25%
14 Jorja Smith 11 11 10 Little Things
25%
72 Jain 62 52 5 Makeba
25%
99 Kali Uchis 98 98 3 Moonlight
25%
49 Libianca 46 2 30 People
25%
93 Ed Sheeran 89 1 84 Shivers
25%
59 Lewis Capaldi 53 1 200 Someone You Loved
25%
23 Stormzy & RAYE NEW 23 1 The Weekend
25%
81 Coldplay 84 1 98 Viva La Vida
25%
69 Doechii 63 63 6 What It Is
25%
95 LF System 91 1 58 Afraid To Feel
13%
94 Lil Durk & J Cole 77 14 11 All My Life
13%
34 Rudimental, Charlotte Plank & Vibe Chemistry 31 5 14 Dancing Is Healing
13%
89 Ice Spice NEW 89 1 Deli
13%
88 Tears For Fears 90 86 22 Everybody Wants To Rule The World
13%
7 Peggy Gou 6 5 6 (It Goes Like) Nanana
13%
84 Lana Del Rey 78 78 2 Radio
13%
43 Switch Disco & Ella Henderson 37 4 25 REACT
13%
29 Troye Sivan 22 22 2 Rush
13%
50 Becky Hill & Lewis Thompson 44 35 11 Side Effects
13%
100 Miguel 88 4 30 Sure Thing
13%
64 Stephen Sanchez 28 14 42 Until I Found You
13%
87 Jonas Brothers 75 22 16 Waffle House
13%
60 Lewis Capaldi 50 1 15 Wish You The Best
13%
61 Sonny Fodera, MK & Clementine Douglas 95 61 2 Asking
0%
27 Bou & Slay 34 27 9 Closer
0%
32 Noah Kahan 81 32 7 Dial Drunk
0%
92 The Kid LAROI NEW 92 1 Forever & Again
0%
31 Jazzy 27 3 15 Giving Me
0%
11 Hannah Laing & Roro 8 7 9 Good Love
0%
67 Prinz & Gabriela Bee 83 67 3 Highs & Lows
0%
20 Tom Grennan 18 17 11 How Does It Feel
0%
68 Oxlade & Dave 49 49 2 Intoxycated
0%
36 Zayn NEW 36 1 Love Like This
0%
58 Sam Smith NEW 58 1 Man I Am
0%
53 J Hus NEW 53 1 Massacre
0%
78 Venbee & goddard. 71 3 44 Messy In Heaven
0%
46 J Hus & Naira Marley 23 23 2 Militerian
0%
96 Post Malone 45 45 2 Overdrive
0%
18 D-Block Europe & Clavish 13 8 4 Pakistan
0%
80 Turno, Skepsis & Charlotte Plank 93 80 2 Rave Out
0%
38 Abel Balder & ANOTR 35 35 17 Relax My Eyes
0%
48 Burna Boy 47 36 8 Sittin On Top Of The World
0%
22 DOD 17 17 8 So Much In Love
0%
12 Byron Messia 29 12 9 Talibans
0%
86 Beabadoobee NEW 86 1 The Way Things Go
0%
54 Stormzy & Fredo 42 11 5 Toxic Trait
0%
47 Dave & Central Cee 40 12 8 Trojan Horse
0%
37 Dave & Central Cee 33 13 8 UK Rap
0%
56 Davido & Musa Keys 52 52 14 UNAVAILABLE
0%
9 J Hus & Drake 5 2 7 Who Told You
0%
No matching quizzes found
Score Distribution
Percent of People with Each Score
Percentile by Number Answered
Your Score History
You have not taken this quiz